सनई. (Record no. 705732)

MARC details
000 -LEADER
fixed length control field 00572nam a2200181Ia 4500
008 - FIXED-LENGTH DATA ELEMENTS--GENERAL INFORMATION
fixed length control field 100920s9999 xx 000 0 und d
082 ## - DEWEY DECIMAL CLASSIFICATION NUMBER
Item number 62632
Classification number 61 थ 64
100 ## - MAIN ENTRY--PERSONAL NAME
Personal name खानोलकर चिंतामणी त्र्यंबक.
245 ## - TITLE STATEMENT
Title सनई.
260 ## - PUBLICATION, DISTRIBUTION, ETC. (IMPRINT)
Name of publisher, distributor, etc मौज प्रकाशन गृह, मुंबई.
Date of publication, distribution, etc 1964
300 ## - PHYSICAL DESCRIPTION
Extent 206
Other physical details साधी
365 ## - TRADE PRICE
Price amount 6
520 ## - SUMMARY, ETC.
Summary, etc स्थानिक वाचन.
630 ## - SUBJECT ADDED ENTRY--UNIFORM TITLE
Uniform title सनई.
650 ## - SUBJECT ADDED ENTRY--TOPICAL TERM
Topical term or geographic name as entry element स्थानिक वाचन.
730 ## - ADDED ENTRY--UNIFORM TITLE
Uniform title सनई.
942 ## - ADDED ENTRY ELEMENTS (KOHA)
Koha item type Book
Holdings
Withdrawn status Lost status Damaged status Not for loan Home library Current library Shelving location Date acquired Cost, normal purchase price Total Checkouts Barcode Date last seen Price effective from Koha item type Public note
        Shri Chhatrapati Pratapsinh Maharaj ( Thorle) Nagar Vachanalaya, Satara Shri Chhatrapati Pratapsinh Maharaj ( Thorle) Nagar Vachanalaya, Satara     6.00   SATVAC-62632 09/20/2010 09/20/2010 Book देवघेव